000 00648nam a2200181 i 4500
001 79782
003 ES-MaACL
005 20230906174042.0
007 t|
008 041025s1907 ag ||||1| spa d
100 1 _aHerrero Ducloux, Enrique.
_963308
245 1 0 _aAguas minerales alcalinas de la República Argentina /
_cpor Enrique Herrero Ducloux.
260 _aBuenos Aires :
_bUniversidad Nacional de La Plata,
_c1907 (
_fConi Hermanos)
300 _a23 h. :
_bil. ;
_c28 cm.
500 _aEs separata de: "Revista del Museo de la Plata", tom. XIV, p. 9-52.
710 2 _aUniversidad Nacional de La Plata.
_97422
852 _aES-MaACL
_jG-7762
999 _c79782
_d79782